UEFA Champions League Top Scorer from each season - Statistics

General Stats
  • This quiz has been taken 88 times
  • The average score is 28 of 64
Answer Stats
Year Player Goals % Correct
2007-08 Cristiano Ronaldo 8
100%
2012-13 Cristiano Ronaldo 12
100%
2013-14 Cristiano Ronaldo 17
100%
2015-16 Cristiano Ronaldo 16
100%
2016-17 Cristiano Ronaldo 12
100%
2017-18 Cristiano Ronaldo 15
100%
All Time Cristiano Ronaldo 120
100%
2014-15 Cristiano Ronaldo, Neymar and Lionel Messi 10
100%
2008-09 Lionel Messi 9
99%
2009-10 Lionel Messi 8
99%
2010-11 Lionel Messi 12
99%
2011-12 Lionel Messi 14
99%
1999-00 Raúl, Mário Jardel and Rivaldo 10
77%
2000-01 Raúl 7
70%
1957-58 Alfredo Di Stéfano 10
67%
1972-73 Gerd Müller 11
63%
1973-74 Gerd Müller 8
63%
1974-75 Gerd Müller and Eduard Markarov 5
63%
1976-77 Gerd Müller and Franco Cucinotta 5
63%
2006-07 Kaká 10
60%
1959-60 Ferenc Puskás 12
59%
1963-64 Vladica Kovačević, Sandro Mazzola and Ferenc Puskás 7
59%
2001-02 Ruud van Nistelrooy 10
57%
2002-03 Ruud van Nistelrooy 12
57%
2004-05 Ruud van Nistelrooy 8
57%
1998-99 Andriy Shevchenko and Dwight Yorke 8
56%
1964-65 Eusébio and José Torres 9
56%
2005-06 Andriy Shevchenko 9
55%
1967-68 Eusébio 6
51%
1965-66 Eusébio and Flórián Albert 7
51%
1988-89 Marco van Basten 10
49%
1997-98 Alessandro Del Piero 10
48%
1989-90 Jean-Pierre Papin and Romário 6
46%
1984-85 Torbjörn Nilsson and Michel Platini 7
39%
1990-91 Jean-Pierre Papin and Peter Pacult 6
30%
1991-92 Jean-Pierre Papin and Sergei Yuran 7
30%
1994-95 George Weah 7
29%
2003-04 Fernando Morientes 9
27%
1980-81 Terry McDermott, Graeme Souness and Karl-Heinz Rummenigge 6
23%
1993-94 Hristo Stoichkov 5
22%
1982-83 Paolo Rossi 6
21%
1958-59 Just Fontaine 10
17%
1985-86 Torbjörn Nilsson 6
15%
1995-96 Jari Litmanen 9
13%
1987-88 Gheorghe Hagi, Jean-Marc Ferreri, Rabah Madjer, Ally McCoist, Michel and Rui Águas 4
12%
1968-69 Denis Law 9
11%
1981-82 Dieter Hoeneß 7
7%
1960-61 José Águas 11
6%
1962-63 José Altafini 14
5%
1975-76 Jupp Heynckes 6
5%
1996-97 Milinko Pantić 5
5%
1977-78 Allan Simonsen 5
4%
1971-72 Johan Cryuff, Antal Dunai, Lou Macari and Silvester Takač 5
2%
1970-71 Antonis Antoniadis 10
1%
1979-80 Søren Lerby 10
1%
1986-87 Borislav Cvetković 7
0%
1978-79 Claudio Sulser 11
0%
1956-57 Dennis Viollet 9
0%
1992-93 Franck Sauzée 5
0%
1961-62 Heinz Strehl 8
0%
1966-67 Jürgen Piepenburg and Paul Van Himst 6
0%
1969-70 Mick Jones 8
0%
1955-56 Miloš Milutinović 8
0%
1983-84 Viktor Sokol 6
0%
No matching quizzes found
Score Distribution
Percent of People with Each Score
Percentile by Number Answered
Your Score History
You have not taken this quiz